Statistiques concernant Poitiers et ses monuments

Cliquez ici pour prendre le quiz!

Statistiques générales

  • Ce quiz a été pris 66 fois
  • Le résultat moyen est 8 sur 16

Statistiques - réponses

Réponse% Correct
Cathédrale Saint-Pierre et Saint-Paul
82%
TAP
82%
Pierre levée
78%
Statue de la Liberté
72%
Tour du Cordier
70%
Façade de Notre-Dame-la-Grande
66%
Parc de Blossac
66%
Palais des comtes de Poitiers et ducs d'Aquitaine
58%
Baptistère Saint-Jean
40%
Notre-Dame des Dunes
40%
Peintures de Puvis de Chavannes
40%
Hôtel Fumé
34%
Manneken-Pis
22%
Hypogée des Dunes
14%
Le Damier de verre
6%
Fanzinothèque
4%

Distribution des résultats

Percentile par nombre de réponses

% des personnes avec chaque résultat

Votre développement - résultats

Vous n’avez pas pris ce quiz